Balony a vzducholodě : [historie vzduchoplavby a létání] /
Uložené v:
| Hlavní autori: | , , |
|---|---|
| Médium: | Kniha |
| Jazyk: | Czech |
| Vydané: |
Brno :
CPress,
2013.
|
| Vydanie: | 1. vyd. |
| Témy: | |
| ISBN: |
9788026402640 (viaz.) |
| Fyzický popis: |
128 s. : faksim., fotogr., il., portréty ; 30 cm. |
| Tagy: |
Pridať tag
Žiadne tagy, Buďte prvý kto otaguje tento záznam!
|
Titul je dostupný aj v ... 

MARC
| LEADER | 00000nam a2200000 a 4500 | ||
|---|---|---|---|
| 001 | 000449821 | ||
| 005 | 20140610101815.0 | ||
| 008 | 131030s2013 xr achoe f 001 0ccze d | ||
| 020 | |a 9788026402640 (viaz.) | ||
| 040 | |a SVKKK |b slo |c SVKKK |e AACR2 | ||
| 041 | 0 | |a cze | |
| 044 | |a xr |c CZ | ||
| 072 | 7 | |a 629 |x Dopravné prostriedky |2 konspekt | |
| 080 | |a 797.54 |2 2001 | ||
| 080 | |a 797.54.071.2 |2 2001 | ||
| 080 | |a 629.733.3 |2 2001 | ||
| 080 | |a 629.733.5 |2 2001 | ||
| 080 | |a 629.7(091) |2 2001 | ||
| 080 | |a (0.062) |2 2001 | ||
| 080 | |a (084.11) |2 2001 | ||
| 100 | 1 | |a Plocek, Petr |4 aut |4 pht | |
| 245 | 1 | 0 | |a Balony a vzducholodě : |b [historie vzduchoplavby a létání] / |c Petr Plocek, Pavel Sviták, Jan Balej ; [fotografie: Petr Plocek ... [et al.]]. |
| 246 | 3 | 3 | |a Historie vzduchoplavby a létání |
| 250 | |a 1. vyd. | ||
| 260 | |a Brno : |b CPress, |c 2013. | ||
| 300 | |a 128 s. : |b faksim., fotogr., il., portréty ; |c 30 cm. | ||
| 500 | |a Kniha vychádza k 230. výr. vzletu prvej montgolfriéry | ||
| 504 | |a Bibliografia: s. 108; register: s. 111-113 | ||
| 650 | 0 | 7 | |a vzduchoplavba |2 SVKKKPH |
| 650 | 0 | 7 | |a lietanie balónom |2 SVKKKPH |
| 650 | 0 | 7 | |a vzduchoplavci |2 SVKKKPH |
| 650 | 0 | 7 | |a balóny |2 SVKKKPH |
| 650 | 0 | 7 | |a vzducholode |2 SVKKKPH |
| 650 | 0 | 7 | |a dejiny letectva |2 SVKKKPH |
| 655 | 7 | |a populárno-náučné publikácie |2 SVKKKPH | |
| 655 | 7 | |a obrazové publikácie |2 SVKKKPH | |
| 700 | 1 | |a Sviták, Pavel |4 aut | |
| 700 | 1 | |a Balej, Jan, |d 1946- |4 aut | |
| 910 | |a svkkk | ||
| 919 | |a 978-80-264-0264-0 | ||
| 998 | |a BK | ||
| 090 | |g SCKHL |k Sklad Hlavná 10 prízemie |a V.231546 |j 1053248 |i 2720306801 |s Absenčne | ||